[Event "POL-ch U16 Girls"]
[Site "Szklarska Poreba"]
[Date "2016.03.15"]
[Round "4"]
[White "Kaczmarska, Joanna"]
[Black "Jurkiewicz, Zuzanna"]
[Result "1-0"]
[WhiteElo "2013"]
[BlackElo "1632"]
[PlyCount "141"]
[EventDate "2016.03.13"]
[EventType "swiss"]
[EventRounds "9"]
[EventCountry "POL"]
[SourceTitle "EXT 2018"]
[Source "ChessBase"]
[SourceDate "2017.10.13"]
[SourceVersion "1"]
[SourceVersionDate "2017.10.13"]
[SourceQuality "1"]

1. d4 d5 2. c4 c6 3. Nc3 Nf6 4. Nf3 e6 5. Bg5 Be7 6. e3 0-0 7. Bd3 Nbd7 8. cxd5 exd5 9. Qc2 h6 10. Bh4 Re8 11. 0-0 Nb6 12. Rae1 Be6 13. Ne5 Nfd7 14. Bxe7 Rxe7 15. f4 Nxe5 16. dxe5 d4 17. exd4 Qxd4+ 18. Kh1 Bd5 19. Rd1 Qb4 20. a3 Qa5 21. Ne4 Bxe4 22. Bxe4 Rae8 23. h3 Nd7 24. Bf3 Nf8 25. Rd3 Qb5 26. Rfd1 Ne6 27. g3 Nc5 28. Rc3 Ne6 29. b4 a5 30. Rc4 axb4 31. Rxb4 Qc5 32. Qb2 Qe3 33. Rb3 Qa7 34. Rbd3 Nc5 35. Rd6 Na4 36. Qc2 Qa5 37. R1d3 Nc5 38. Rc3 Na4 39. Rc4 Nb6 40. Rc3 Na4 41. Re3 Qa7 42. Qd2 Qb6 43. Bd1 Nc5 44. Bc2 Qb5 45. Kh2 Qf1 46. Rc3 Qb5 47. Qe3 Na4 48. Qe4 f5 49. Bxa4 fxe4 50. Bxb5 cxb5 51. Rd4 e3 52. Kg2 Ra8 53. Kf3 e2 54. Kxe2 g5 55. Rd5 gxf4 56. gxf4 Ra4 57. Rf3 Re4+ 58. Kd3 Ra4 59. Rxb5 Rxa3+ 60. Ke4 Ra4+ 61. Kd5 Ra1 62. f5 Rd1+ 63. Ke4 Re1+ 64. Re3 Ra1 65. e6 Kg7 66. Ke5 Rf1 67. f6+ Rxf6 68. Rg3+ Rg6 69. Rxg6+ Kxg6 70. Kd6 Kf6 71. Rf5+ 1-0

[Event "POL-chT 2nd League"]
[Site "Jastrzebia Gora"]
[Date "2015.09.13"]
[Round "9.30"]
[White "Jurkiewicz, Zuzanna"]
[Black "Antolak, Julia"]
[Result "1-0"]
[WhiteElo "1507"]
[BlackElo "1945"]
[PlyCount "67"]
[EventDate "2015.09.05"]
[EventType "team-swiss"]
[EventRounds "9"]
[EventCountry "POL"]
[SourceTitle "EXT 2017"]
[Source "ChessBase"]
[SourceDate "2016.10.25"]
[SourceVersion "1"]
[SourceVersionDate "2016.10.25"]
[SourceQuality "1"]
[WhiteTeam "Stara Wies Parnas"]
[BlackTeam "Lodz Okucia Budowlane"]
[WhiteTeamCountry "POL"]
[BlackTeamCountry "POL"]

1. e4 c5 2. d3 g6 3. g3 Bg7 4. Bg2 Nc6 5. Nf3 e6 6. Nbd2 d5 7. 0-0 Nf6 8. Re1 0-0 9. c3 Qc7 10. e5 Nd7 11. d4 b6 12. Nf1 Ba6 13. Ne3 Rac8 14. h4 h5 15. Ng5 cxd4 16. cxd4 Nb4 17. Qa4 Nd3 18. Rd1 Nb8 19. Bf1 b5 20. Qb3 Nxc1 21. Raxc1 Qxc1 22. Rxc1 Rxc1 23. Kg2 Rc7 24. g4 Re7 25. gxh5 f6 26. exf6 Bxf6 27. h6 Bxg5 28. hxg5 Rf4 29. Qc2 Ref7 30. Qxg6+ Kh8 31. Qxe6 Rxf2+ 32. Kg1 Bb7 33. Qe5+ Kg8 34. Qe8+ 1-0

[Event "POL-chT U19 2nd League"]
[Site "Iwonicz"]
[Date "2015.08.01"]
[Round "9.95"]
[White "Jurkiewicz, Zuzanna"]
[Black "Kedzierska, Lidia"]
[Result "1/2-1/2"]
[WhiteElo "1473"]
[BlackElo "1308"]
[PlyCount "81"]
[EventDate "2015.07.25"]
[EventType "team-swiss"]
[EventRounds "11"]
[EventCountry "POL"]
[SourceTitle "EXT 2019"]
[Source "ChessBase"]
[SourceDate "2018.10.10"]
[SourceVersion "1"]
[SourceVersionDate "2018.10.10"]
[SourceQuality "1"]
[WhiteTeam "Brzozow UKS SP 1 U19"]
[BlackTeam "Wloszakowice UKS ZSO U19"]
[WhiteTeamCountry "POL"]
[BlackTeamCountry "POL"]

1. e4 e5 2. Nf3 Nc6 3. Bb5 a6 4. Ba4 Nf6 5. 0-0 b5 6. Bb3 Bc5 7. Re1 d6 8. h3 Be6 9. c3 Bxb3 10. axb3 h6 11. d4 Bb6 12. d5 Ne7 13. Nh4 Qd7 14. Na3 c6 15. c4 0-0 16. Qf3 Ng6 17. Nf5 Nh7 18. h4 Kh8 19. g4 cxd5 20. cxd5 Qd8 21. Qg3 f6 22. Nc2 Ne7 23. Kh2 Nxf5 24. gxf5 Rg8 25. Nb4 Qc8 26. Nc6 Qb7 27. f4 Qd7 28. fxe5 fxe5 29. Qg6 Bf2 30. Rd1 Bxh4 31. Qe6 Nf8 32. Qxd7 Nxd7 33. Be3 Nf6 34. Rg1 Nd7 35. Rg6 Bf6 36. Rag1 Kh7 37. b4 Nf8 38. R6g2 Nd7 39. Rg6 Nf8 40. R6g2 Nd7 41. Rg6 1/2-1/2

[Event "Podkarpackie-ch"]
[Site "Pstragowa"]
[Date "2015.01.03"]
[Round "1"]
[White "Jurkiewicz, Zuzanna"]
[Black "Mis, Mieszko"]
[Result "0-1"]
[WhiteElo "1457"]
[BlackElo "1819"]
[PlyCount "78"]
[EventDate "2015.01.03"]
[EventType "swiss"]
[EventRounds "9"]
[EventCountry "POL"]
[SourceTitle "EXT 2019"]
[Source "ChessBase"]
[SourceDate "2018.10.10"]
[SourceVersion "1"]
[SourceVersionDate "2018.10.10"]
[SourceQuality "1"]

1. e4 e6 2. d4 d5 3. e5 b6 4. Bd3 Ba6 5. Ne2 Bxd3 6. Qxd3 Qd7 7. 0-0 Ne7 8. Ng3 Nbc6 9. c3 h5 10. Qf3 h4 11. Nh5 Ng6 12. Bg5 Nce7 13. Qg4 0-0-0 14. Nd2 Re8 15. Nb3 Nf5 16. a4 a5 17. Rfc1 Be7 18. Bd2 Rh7 19. c4 Reh8 20. Nf4 Nxf4 21. Bxf4 g5 22. Bxg5 Rg7 23. f4 dxc4 24. Rxc4 Bxg5 25. fxg5 Ne3 26. Qf3 Nd5 27. Rac1 Kb8 28. Nd2 Rxg5 29. Ne4 Rf5 30. Qg4 Ne3 31. Qg7 Rd8 32. Nf6 Rxf6 33. Qxf6 Qd5 34. Qg5 Nxc4 35. Rxc4 Re8 36. b3 Qe4 37. Qc1 h3 38. Qf1 hxg2 39. Qxg2 Qe1+ 0-1

[Event "POL-chT U19 2nd League"]
[Site "Szczyrk"]
[Date "2014.07.31"]
[Round "9.102"]
[White "Hryn, Aleksandra"]
[Black "Jurkiewicz, Zuzanna"]
[Result "0-1"]
[WhiteElo "1293"]
[BlackElo "1442"]
[PlyCount "92"]
[EventDate "2014.07.25"]
[EventType "team-swiss"]
[EventRounds "11"]
[EventCountry "POL"]
[SourceTitle "EXT 2015"]
[Source "ChessBase"]
[SourceDate "2014.11.20"]
[SourceVersion "1"]
[SourceVersionDate "2014.11.20"]
[SourceQuality "1"]
[WhiteTeam "Gliwice Akademia Szachowa U19"]
[BlackTeam "Brzozow UKS SP 1 U19"]
[WhiteTeamCountry "POL"]
[BlackTeamCountry "POL"]

1. e4 c5 2. Nf3 e6 3. d4 cxd4 4. Nxd4 a6 5. Bd3 d6 6. 0-0 Nf6 7. c4 Be7 8. Nc3 0-0 9. Kh1 Nbd7 10. f4 Qc7 11. Qe2 b6 12. Bd2 Bb7 13. b3 Rfd8 14. Rae1 Nc5 15. Bc2 Rac8 16. Qf2 Kh8 17. Qg3 h6 18. e5 dxe5 19. fxe5 Rxd4 20. exf6 Qxg3 21. hxg3 Bxg2+ 22. Kxg2 Rxd2+ 23. Rf2 Rxf2+ 24. Kxf2 Bxf6 25. Ne2 Rd8 26. Rd1 Rxd1 27. Bxd1 Kg8 28. Ke3 Kf8 29. Bc2 g6 30. Nd4 Ke7 31. Nc6+ Kd6 32. Nd4 Nd7 33. Be4 Nc5 34. Bc2 Bxd4+ 35. Kxd4 e5+ 36. Ke3 Ne6 37. Ke4 f5+ 38. Ke3 e4 39. Bd1 h5 40. Be2 Ke5 41. b4 Nd4 42. b5 axb5 43. cxb5 Nxe2 44. Kxe2 Kd4 45. a4 Kc5 46. Ke3 Kb4 0-1

[Event "POL-chT U19 2nd League"]
[Site "Szczyrk"]
[Date "2014.07.26"]
[Round "3.54"]
[White "Czarniecka, Aleksandra"]
[Black "Jurkiewicz, Zuzanna"]
[Result "1-0"]
[WhiteElo "1260"]
[BlackElo "1442"]
[PlyCount "79"]
[EventDate "2014.07.25"]
[EventType "team-swiss"]
[EventRounds "11"]
[EventCountry "POL"]
[SourceTitle "EXT 2015"]
[Source "ChessBase"]
[SourceDate "2014.11.20"]
[SourceVersion "1"]
[SourceVersionDate "2014.11.20"]
[SourceQuality "1"]
[WhiteTeam "Wroclaw MUKS MDK Fabryczna U19"]
[BlackTeam "Brzozow UKS SP 1 U19"]
[WhiteTeamCountry "POL"]
[BlackTeamCountry "POL"]

1. e4 c5 2. Nf3 e6 3. d4 cxd4 4. Nxd4 a6 5. Bd3 d6 6. c3 Nf6 7. f4 Nbd7 8. 0-0 Be7 9. Kh1 0-0 10. Na3 Qc7 11. Nc4 Nxe4 12. Bxe4 Qxc4 13. Be3 Rb8 14. Qg4 Nf6 15. Qf3 Nxe4 16. Qxe4 Bf6 17. Qf3 b5 18. Qg3 b4 19. f5 Be5 20. Bf4 bxc3 21. bxc3 Bxf4 22. Rxf4 Qxa2 23. Rff1 Qd5 24. f6 g6 25. c4 Qxd4 26. Qh3 Qd2 27. Ra3 e5 28. Qg3 e4 29. Re3 Re8 30. Qg5 Qd4 31. h3 Kh8 32. Qh6 Rg8 33. Re2 Be6 34. Rf4 Rb1+ 35. Kh2 Qg1+ 36. Kg3 Rb3+ 37. Kh4 g5+ 38. Kh5 Bxh3 39. Rfxe4 Bf5 40. Qg7+ 1-0

[Event "POL Olympiad U14"]
[Site "Walbrzych"]
[Date "2013.??.??"]
[Round "1.12"]
[White "Jurkiewicz, Zuzanna"]
[Black "Dwilewicz, Katarzyna"]
[Result "1/2-1/2"]
[WhiteElo "1383"]
[BlackElo "1635"]
[PlyCount "136"]
[EventDate "2013.04.??"]
[EventType "team-swiss"]
[EventRounds "9"]
[EventCountry "POL"]
[SourceTitle "EXT 2014"]
[Source "ChessBase"]
[SourceDate "2013.11.20"]
[SourceVersion "1"]
[SourceVersionDate "2013.11.20"]
[SourceQuality "1"]

1. d4 d5 2. c4 c6 3. Nc3 Nf6 4. Bg5 e6 5. a3 h6 6. Bh4 Be7 7. e3 0-0 8. Nf3 Nbd7 9. cxd5 cxd5 10. Bd3 Nb6 11. 0-0 Bd7 12. Rc1 Rc8 13. Qe2 Re8 14. Nb5 Bxb5 15. Bxb5 Nfd7 16. Bg3 a6 17. Bd3 Bf6 18. Rc2 Rxc2 19. Qxc2 e5 20. dxe5 Nxe5 21. Nxe5 Bxe5 22. Bxe5 Rxe5 23. Rc1 Re7 24. h3 Rd7 25. Bf5 Re7 26. b3 Kf8 27. Qc5 g6 28. Bg4 h5 29. Bf3 Kg8 30. a4 Rd7 31. a5 Na8 32. Qc8 Kg7 33. Qxd8 Rxd8 34. Rc5 b6 35. Rxd5 Rb8 36. Rd7 bxa5 37. Ra7 Nb6 38. Rxa6 Nd7 39. Rxa5 Rxb3 40. Ra7 Nf6 41. Rb7 Rc3 42. g3 Rc2 43. h4 Rd2 44. e4 Rd4 45. e5 Ne8 46. e6 Nd6 47. Rd7 Kf8 48. e7+ Ke8 49. Bc6 Rd1+ 50. Kg2 Rc1 51. Rc7+ Rxc6 52. Rxc6 Kxe7 53. f3 Kd7 54. Ra6 Nf5 55. g4 hxg4 56. fxg4 Nxh4+ 57. Kg3 g5 58. Kf2 f5 59. gxf5 Nxf5 60. Kf3 Ne7 61. Kg4 Nc6 62. Kxg5 Kd6 63. Ra1 Ke5 64. Re1+ Kd5 65. Kf6 Nd4 66. Re8 Nc6 67. Re1 Nd4 68. Re5+ Kc4 1/2-1/2

[Event "POL Olympiad U14"]
[Site "Walbrzych"]
[Date "2013.??.??"]
[Round "2.12"]
[White "Skorupa, Oliwia"]
[Black "Jurkiewicz, Zuzanna"]
[Result "0-1"]
[WhiteElo "1510"]
[BlackElo "1383"]
[PlyCount "78"]
[EventDate "2013.04.??"]
[EventType "team-swiss"]
[EventRounds "9"]
[EventCountry "POL"]
[SourceTitle "EXT 2014"]
[Source "ChessBase"]
[SourceDate "2013.11.20"]
[SourceVersion "1"]
[SourceVersionDate "2013.11.20"]
[SourceQuality "1"]

1. e4 e5 2. Nf3 Nc6 3. Bc4 Bc5 4. 0-0 d6 5. Nc3 Bg4 6. d3 Nd4 7. Be3 Nxf3+ 8. gxf3 Bh3 9. Re1 Bxe3 10. Ne2 Qg5+ 11. Ng3 Bf4 12. d4 Nf6 13. Bf1 Bxf1 14. Kxf1 h5 15. d5 h4 16. Nf5 Bxh2 17. c3 g6 18. Ne3 h3 19. Ng4 Nxg4 20. fxg4 Rh4 21. Qf3 Qxg4 22. Qd3 Qg2+ 23. Ke2 Rxe4+ 24. Kd1 Rxe1+ 25. Kxe1 Qg1+ 26. Qf1 Qxf1+ 27. Kxf1 0-0-0 28. Ke2 Bf4 29. Rh1 h2 30. f3 g5 31. Kf2 f5 32. Kf1 g4 33. fxg4 fxg4 34. Kg2 g3 35. Rf1 Rh8 36. Kh1 Be3 37. c4 Bg1 38. Rxg1 hxg1Q+ 39. Kxg1 Rh2 0-1

[Event "POL-chT U19 2nd League"]
[Site "Borowice"]
[Date "2012.07.29"]
[Round "11"]
[White "Grzesiek, Wiktoria"]
[Black "Jurkiewicz, Zuzanna"]
[Result "0-1"]
[WhiteElo "1399"]
[BlackElo "1411"]
[PlyCount "102"]
[EventDate "2012.07.21"]
[EventType "team-swiss"]
[EventRounds "11"]
[EventCountry "POL"]
[SourceTitle "EXT 2014"]
[Source "ChessBase"]
[SourceDate "2013.11.20"]
[SourceVersion "1"]
[SourceVersionDate "2013.11.20"]
[SourceQuality "1"]
[WhiteTeam "Tarnowskie Gory Strzybniczanka U19"]
[BlackTeam "Brzozow UKS SP 1 U19"]
[WhiteTeamCountry "POL"]
[BlackTeamCountry "POL"]

1. e4 e5 2. Nc3 Nc6 3. f4 d6 4. Nf3 a6 5. Bc4 Be7 6. d3 exf4 7. Bxf4 h6 8. 0-0 Nf6 9. Qd2 Na5 10. Bb3 Nxb3 11. axb3 Bg4 12. d4 Nh5 13. e5 Nxf4 14. Qxf4 Bxf3 15. Rxf3 0-0 16. Rg3 Bg5 17. Qe4 dxe5 18. dxe5 c6 19. Rd1 Qe7 20. Rgd3 Rad8 21. Rxd8 Rxd8 22. Rxd8+ Qxd8 23. e6 fxe6 24. Qxe6+ Kh8 25. Kf1 Bf6 26. Qc4 Be5 27. h3 Qf6+ 28. Ke2 Bd4 29. Kd2 Qg5+ 30. Kd1 Bxc3 31. bxc3 Qxg2 32. Qf7 Qd5+ 33. Qxd5 cxd5 34. Ke2 g5 35. Kf3 h5 36. Kg3 Kg7 37. Kh2 Kf6 38. Kg2 Kf5 39. Kf3 Ke5 40. Ke3 g4 41. hxg4 hxg4 42. Kf2 Kf4 43. Kg2 Ke3 44. Kg3 Kd2 45. Kxg4 Kxc2 46. c4 d4 47. Kf4 d3 48. Ke4 d2 49. Kd5 d1Q+ 50. Kc5 Kc3 51. b4 Qd4# 0-1

[Event "POL-chT U19 2nd League"]
[Site "Borowice"]
[Date "2012.07.26"]
[Round "8"]
[White "Jurkiewicz, Zuzanna"]
[Black "Posuniak, Weronika"]
[Result "0-1"]
[WhiteElo "1411"]
[BlackElo "1503"]
[PlyCount "132"]
[EventDate "2012.07.21"]
[EventType "team-swiss"]
[EventRounds "11"]
[EventCountry "POL"]
[SourceTitle "EXT 2014"]
[Source "ChessBase"]
[SourceDate "2013.11.20"]
[SourceVersion "1"]
[SourceVersionDate "2013.11.20"]
[SourceQuality "1"]
[WhiteTeam "Brzozow UKS SP 1 U19"]
[BlackTeam "Radom UKS MDK U19"]
[WhiteTeamCountry "POL"]
[BlackTeamCountry "POL"]

1. e4 e6 2. d4 d5 3. e5 c5 4. c3 Qb6 5. Nf3 Nc6 6. a3 Bd7 7. b4 c4 8. Be2 a5 9. Bb2 Nge7 10. Nbd2 Ng6 11. 0-0 Be7 12. Re1 0-0 13. Nf1 axb4 14. axb4 Nxb4 15. Qd2 Nc6 16. Ne3 Na5 17. Bd1 Nf4 18. Ba3 Bxa3 19. Rxa3 Nd3 20. Rf1 Nb3 21. Qa2 Nbc1 22. Qa1 Rxa3 23. Qxa3 Qb2 24. Qxb2 Nxb2 25. Kh1 Na2 26. Bc2 Nxc3 27. Rc1 Nca4 28. Rb1 b5 29. Ng5 h6 30. Nf3 Rb8 31. Kg1 b4 32. Bxa4 Nxa4 33. Nd2 Nc3 34. Rb2 Ne2+ 35. Kf1 c3 36. Rb1 Nxd4 37. Nb3 c2 38. Nxc2 Nxc2 39. Rb2 Bb5+ 40. Kg1 Ba4 41. Nc5 Ra8 42. h3 b3 43. Nxa4 Rxa4 44. Rxb3 Re4 45. Rb8+ Kh7 46. Rb7 Kg6 47. Rb2 Na3 48. Rb3 Nc4 49. Rg3+ Kh7 50. Rf3 Nxe5 51. Re3 Rxe3 52. fxe3 Nc4 53. Kf2 Nxe3 54. Kxe3 Kg6 55. g3 Kf5 56. Kf3 d4 57. h4 h5 58. Ke2 Ke4 59. Kd2 d3 60. Kd1 Ke3 61. Ke1 d2+ 62. Kd1 Kd3 63. g4 hxg4 64. h5 g3 65. h6 g2 66. hxg7 g1R# 0-1

[Event "Solina Mind Sports U14 Girls op "]
[Site "Solina"]
[Date "2012.04.19"]
[Round "7"]
[White "Malinowska, Monika"]
[Black "Jurkiewicz, Zuzanna"]
[Result "0-1"]
[WhiteElo "1425"]
[BlackElo "1352"]
[PlyCount "52"]
[EventDate "2012.04.15"]
[EventType "swiss"]
[EventRounds "9"]
[EventCountry "POL"]
[SourceTitle "EXT 2014"]
[Source "ChessBase"]
[SourceDate "2013.11.20"]
[SourceVersion "1"]
[SourceVersionDate "2013.11.20"]
[SourceQuality "1"]

1. e4 e5 2. Nf3 Nc6 3. Bb5 a6 4. Ba4 b5 5. Bb3 d6 6. 0-0 Bg4 7. d3 Nd4 8. Nbd2 Be7 9. c3 Nxf3+ 10. Nxf3 Nf6 11. Bg5 h6 12. Be3 0-0 13. Bc2 c5 14. d4 cxd4 15. cxd4 Rc8 16. Rc1 exd4 17. Bxd4 Nh7 18. h3 Bh5 19. Be3 Ng5 20. Bxg5 Bxg5 21. Qd3 Bxc1 22. Rxc1 Bxf3 23. Qxf3 Qg5 24. Qd1 Rfd8 25. Ra1 d5 26. exd5 Rxd5 0-1